| 000 | 01173namaa2200241 i 4500 | ||
|---|---|---|---|
| 001 | 174172 | ||
| 003 | ES-MaACL | ||
| 005 | 20250815105807.0 | ||
| 008 | 100301s1925 sp | |||| ||spa d | ||
| 080 | _a55(460.32 Mallorca) | ||
| 100 | 1 |
_aDarder Pericás, Bartolomé. _942700 |
|
| 245 | 1 | 0 |
_aEstudio geológico de los alrededores de Sineu y del Puig de Sant Onofre (región central de Mallorca) / _cpor Barlolomé Darder Pericás ; con notas paleontológicas de Charles Déperet y de Paul Fallot. |
| 260 |
_aMadrid : _bJunta para Ampliación de Estudios e Investigaciones Científicas, _c1925 ( _fJosé Molina) |
||
| 300 |
_a80 p., IV lám. : _bil. ; _c23 cm. |
||
| 490 | 1 |
_aTrabajos del Museo Nacional de Ciencias Naturales. Serie geológica ; _v34 |
|
| 650 | 4 |
_aGeología- _zMallorca. _9142265 |
|
| 700 | 0 |
_aDeperet, Charles. _943752 |
|
| 700 | 0 |
_aFallot, Paul. _948772 |
|
| 710 | 2 |
_aJunta para la Ampliación de Estudios e Investigaciones Científicas. _95413 |
|
| 830 | 0 | 0 |
_aTrabajos del Museo Nacional de Ciencias Naturales. _pSerie geológica _v34 _9189286 |
| 852 |
_aES-MaACL _jB-13132(1) _z.- Encuadernado con otras obras |
||
| 999 |
_c174172 _d174172 |
||